<?xml version="1.0" encoding="UTF-8"?>
<record
    xmlns:xsi="http://www.w3.org/2001/XMLSchema-instance"
    xsi:schemaLocation="http://www.loc.gov/MARC21/slim http://www.loc.gov/standards/marcxml/schema/MARC21slim.xsd"
    xmlns="http://www.loc.gov/MARC21/slim">

  <leader>01203njm a22002777a 4500</leader>
  <controlfield tag="005">20100922114049.0</controlfield>
  <controlfield tag="006">a|||||r|||||00| 0 </controlfield>
  <controlfield tag="007">sd ammalaaahaa</controlfield>
  <controlfield tag="008">100922t        xxu||||| |||| 00| 0 pun d</controlfield>
  <datafield tag="028" ind1=" " ind2=" ">
    <subfield code="a">N,94064</subfield>
    <subfield code="b">His Master's Voice</subfield>
  </datafield>
  <datafield tag="035" ind1=" " ind2=" ">
    <subfield code="a">GR-00670</subfield>
  </datafield>
  <datafield tag="040" ind1=" " ind2=" ">
    <subfield code="a">SED</subfield>
    <subfield code="c">SED</subfield>
  </datafield>
  <datafield tag="100" ind1=" " ind2=" ">
    <subfield code="a">&#xA38;&#xA41;&#xA30;&#xA3F;&#xA70;&#xA26;&#xA30; &#xA15;&#xA4B;&#xA30; </subfield>
    <subfield code="9">21104</subfield>
  </datafield>
  <datafield tag="245" ind1=" " ind2=" ">
    <subfield code="a">&#xA38;&#xA3E;&#xA70;&#xA2D;&#xA32;&#xA3F;&#xA2F;&#xA3E;&#xA02; &#xA38;&#xA32;&#xA4B;&#xA28;&#xA3F;&#xA2F;&#xA3E;&#xA02; &#xA2E;&#xA41;&#xA70;&#xA21;&#xA3F;&#xA2F;&#xA3E; &#xA24;&#xA42; &#xA2E;&#xA47;&#xA30;&#xA3E;.. /</subfield>
    <subfield code="c">&#xA38;&#xA41;&#xA30;&#xA3F;&#xA02;&#xA26;&#xA30; &#xA15;&#xA4B;&#xA30; </subfield>
    <subfield code="h">Medium [Sound recording]</subfield>
  </datafield>
  <datafield tag="246" ind1=" " ind2=" ">
    <subfield code="a">Sambalia Salonia mundia tu mera (Surinder kaur )</subfield>
  </datafield>
  <datafield tag="260" ind1=" " ind2=" ">
    <subfield code="a">Dum Dum, India</subfield>
    <subfield code="b">His Master's Voice</subfield>
    <subfield code="c">n.d.</subfield>
  </datafield>
  <datafield tag="300" ind1=" " ind2=" ">
    <subfield code="a">1 Sound disc [Gramophon Recording]</subfield>
    <subfield code="b">analog,33 1/3 rpm</subfield>
    <subfield code="c">9.5 in. (MP)</subfield>
    <subfield code="f">Gramophon Record</subfield>
  </datafield>
  <datafield tag="500" ind1=" " ind2=" ">
    <subfield code="a">Brief record</subfield>
  </datafield>
  <datafield tag="500" ind1=" " ind2=" ">
    <subfield code="a">Record labels : His Master's Voice, Red</subfield>
  </datafield>
  <datafield tag="505" ind1=" " ind2=" ">
    <subfield code="a">Side-2 &#xA1B;&#xA28; &#xA1B;&#xA28; &#xA15;&#xA30;&#xA47; &#xA2A;&#xA48;&#xA02;&#xA26;&#xA30;&#xA3F;&#xA2F;&#xA3E;&#xA02; (Chan chan kare Pandrian) (Prakash kaur &amp; Surinder kaur)</subfield>
  </datafield>
  <datafield tag="600" ind1=" " ind2=" ">
    <subfield code="9">21105</subfield>
  </datafield>
  <datafield tag="650" ind1=" " ind2=" ">
    <subfield code="a">Punjabi Songs</subfield>
    <subfield code="x">Excerpts</subfield>
    <subfield code="z">India</subfield>
    <subfield code="9">21106</subfield>
  </datafield>
  <datafield tag="700" ind1=" " ind2=" ">
    <subfield code="9">21416</subfield>
    <subfield code="a">&#xA2A;&#xA4D;&#xA30;&#xA15;&#xA3E;&#xA38;&#xA3C; &#xA15;&#xA4B;&#xA30;</subfield>
  </datafield>
  <datafield tag="942" ind1=" " ind2=" ">
    <subfield code="2">ddc</subfield>
    <subfield code="c">GR</subfield>
  </datafield>
  <datafield tag="999" ind1=" " ind2=" ">
    <subfield code="c">47729</subfield>
    <subfield code="d">47729</subfield>
  </datafield>
  <datafield tag="952" ind1=" " ind2=" ">
    <subfield code="0">0</subfield>
    <subfield code="1">0</subfield>
    <subfield code="2">ddc</subfield>
    <subfield code="4">0</subfield>
    <subfield code="7">0</subfield>
    <subfield code="8">NFIC</subfield>
    <subfield code="a">L</subfield>
    <subfield code="b">L</subfield>
    <subfield code="d">2010-09-25</subfield>
    <subfield code="e">SED/VEN</subfield>
    <subfield code="l">0</subfield>
    <subfield code="p">GR-00670</subfield>
    <subfield code="r">2010-09-25 00:00:00</subfield>
    <subfield code="t">1</subfield>
    <subfield code="w">2010-09-25</subfield>
    <subfield code="y">GR</subfield>
  </datafield>
</record>
